Deontología teórica y práctica para profesionales de la criminología (Registro nro. 11944)

Detalles MARC
000 -Cabecera
Campo de control de longitud fija 00774ntm a22002897a 4500
005 - Fecha y hora de la última transacción
Campo de control 20260211180235.0
008 - Elementos de longitud fija--Información general
Campo de control de longitud fija 190524b2017 xxu||||| |||| 00| 0 spa d
020 ## - International Standard Book Number
Número Internacional Estándar del Libro (ISBN) 9788429019964
041 ## - Idioma
Código de idioma Español
082 ## - Clasificación Decimal Dewey
Número de clasificación 364 AY978d
100 ## - Entrada principal--Autor personal
Nombre personal Ayllón Santiago, Héctor
9 (RLIN) 53703
245 ## - Título propiamente dicho
Título Deontología teórica y práctica para profesionales de la criminología
260 ## - Pie de imprenta
Lugar de publicación, distribución, etc. España
260 ## - Pie de imprenta
Nombre del editor, distribuidor, etc. REUS
260 ## - Pie de imprenta
Fecha de publicación, distribución, etc. 2017
300 ## - Descripción física
Extensión 294 páginas
490 ## - Serie
Título de la Serie Investigación Criminal
650 ## - Materia general
Temática (materia general) CRIMINOLOGÍA
650 ## - Materia general
Temática (materia general) ÉTICA PROFESIONAL
650 ## - Materia general
Temática (materia general) DEONTOLOGÍA
650 ## - Materia general
Temática (materia general) SEGURIDAD
650 ## - Materia general
Temática (materia general) DETECTIVE PRIVADO
650 ## - Materia general
Temática (materia general) SEGURIDAD PRIVADA
650 ## - Materia general
Temática (materia general) LEGÍTIMA DEFENSA
650 ## - Materia general
Temática (materia general) HONORARIOS PROFESIONALES
942 ## - Punto de acceso adicional KOHA
Tipo de ítem KOHA Libro
Fuente del sistema de clasificación o colocación Dewey Decimal Classification
Existencias
Signatura completa Código de barras Programa Académico Tipo de ítem
364 AY978d 24303 Investigación Criminal Libro